00368nam a2200109Ia 4500041001200000082001200012100003900024245007600063260006600139650003500205650001800240 aEnglish aRB.0290 aBegum, RokaiyauGyan Jyoti College 0aEducational status among muslim women of north Bengal / cRokaiya Begum aNew Delhi :bIndian Council of Social Science Research,c2015 aEducationzIndiazNorth Bengal aMuslim women